|
|
|
|
| LEADER |
00658nam a2200277 4500 |
| 001 |
DLU100110665 |
| 005 |
##20100812 |
| 040 |
# |
# |
|a DLU
|b vie
|
| 041 |
# |
# |
|a eng
|
| 044 |
# |
# |
|a us
|
| 082 |
# |
# |
|a 230
|b New
|
| 100 |
# |
# |
|a Marty, Martin E. ,
|e ed.
|
| 245 |
# |
# |
|a New theology No. 1 /
|c Martin E. Marty, Dean G. Peerman.
|
| 260 |
# |
# |
|a New York :
|b Macmillan Company,
|c 1964.
|
| 300 |
# |
# |
|a 256 p. ;
|c 19 cm.
|
| 700 |
# |
# |
|a Peerman, Dean G. ,
|e ed.
|
| 923 |
# |
# |
|a 100/2010
|
| 992 |
# |
# |
|a 0
|
| 994 |
# |
# |
|a DLU
|
| 900 |
# |
# |
|a True
|
| 911 |
# |
# |
|a Lý Thị Hồng Hạnh
|
| 925 |
# |
# |
|a G
|
| 926 |
# |
# |
|a A
|
| 927 |
# |
# |
|a SH
|
| 980 |
# |
# |
|a Thư viện Trường Đại học Đà Lạt
|